000 01728cam a2200541 a 4500
001 22110
003 VRT
005 20260320105900.0
008 240318s2014 xo g 000 f slo
015 _aSNBA2015/11
020 _a9788081144547
_q(brož.)
035 _aBC06ECC2-9125-4028-8527-8E0AAE0B38A8
035 _aurn:nbn:sk:snk-aml5xv
035 _aurn:nbn:sk:snk-am008v5t
039 9 _a202403182018
_bVLOAD
_c201606101710
_dVLOAD
_c201604300227
_dVLOAD
_c201604292011
_dVLOAD
040 _aPOKPOH
_bslo
_cPOKPOH
_dSNK
_eAACR2
041 0 _aslo
044 _aso
_cSK
072 7 _a821.162.4-3
_xSlovenská próza
_2konspekt
080 _a821.162.4-31
_22001
080 _a(0:82-993)
_22001
100 1 _aGrossová, Lea,
_d1986-
_4aut
245 1 0 _aInterview s nymfomankou
_bneobyčajná lovestory
_cLea Grossová
250 _a1. vyd.
260 _aBratislava
_bMarenčin PT
_c2014
300 _a189 s.
_c17 cm
655 7 _aslovenské romány
_2SNKPH
655 7 _aerotické romány
_2SNKPH
655 7 _aSlovak fiction
_2SNKPHeng
655 7 _aErotic novels
_2SNKPHeng
910 _apokpoh
910 _asllk
910 _askpk
910 _ahevk
910 _apppk
910 _attkjf
910 _avthk
910 _atotk
910 _asnk
942 _2ddc
_cKLDO
_n0
949 _6270001000510488
_asvkbbA 145705
_bsvkbbm 755971
949 _617A1174262
_asnkSD 84698
_bsnk2015/30564
_o2312/15
_s6100:20151201
949 _6273K0591418
_asvkpoA 226706
_bsvkpo589735
949 _62889308789
_asavukPV 21607
_bsavuk2015/4636
949 _617A1179962
_asnkSD 84698 D1
_bsnk2016/3309
_o2312/2015
949 _asnklmDK 7103 SNKLM
_bsnklm2015/38
999 _c22110
_d22110